LEADER 01090nam a2200193 i 4500 001 000000246661 003 CaOOAMICUS 005 20151119000000.0 008 151119s1633 it u000 u ita u 013 $a225566 026 $a.9oi 79en s-di fumo (3) 1633 (R) 040 $aSeMil$bita 245 12$aI sacri ragionamenti sinodali di Federico Borromeo cardinale, ed arcivescovo di Milano, fatti nelle maggiori solennità al popolo milanese. Volume 2. 300 $a[28], 533, [35] p. 500 $aSegn. : pg2 a-c4 A-3X4 a-d4. 773 0 $aBorromeo, Federico $tSacri ragionamenti di Federico Borromeo cardinale del titolo di Santa Maria degli Angeli ed arcivescouo di Milano distinti in dieci volumi.$dIn Milano : Per Dionisio Gariboldi, 1632-1646$g2$w()5763 850 $aSeMil 852 $aSeMil$W1$xVenegono$y1$m3G V 2 FA$j197007$B197007$CSeMilBibl$Z2$F208022 $8I 996 $6245$aI sacri ragionamenti sinodali di Federico Borromeo cardinale, ed arcivescovo di Milano, fatti nelle maggiori solennità al popolo milanese. Volume 2$9(OLS)http://semarc/title/348464 LEADER 00820nam a2200205 i 4500 001 000000025958 003 CaOOAMICUS 005 20200713172701.0 008 180830s1831 it u000 u ita u 040 $aSeMil$bita 100 1 $aPellico, Silvio,$d<1789-1854>.$0(OLS)http://semarc/name/11420 245 10$aOpere di Silvio Pellico da Saluzzo. 260 $aPadova :$bCoi tipi della Minerva,$c1831. 300 $a2 v. ;$c23 cm. 650 4$aPellico, Silvio <1789-1854> - Opere.$0(OLS)http://semarc/subject/4159 774 0 $aPellico, Silvio <1789-1854>$tVol. 1.$w()209122 774 0 $aPellico, Silvio <1789-1854>$tVol. 2.$w()209123 996 $6245$aOpere di Silvio Pellico da Saluzzo$9(OLS)http://semarc/title/35000 996 $6260$aPadova :$bCoi tipi della Minerva$9(OLS)http://semarc/publisher/31348